00281nam a2200121Ia 4500008004100000082001400041100001200055245003500067250000800102260002100110300001000131650001800141150201s2009 xx 000 0 und d a611bS09H aHALIM,A aSURFACE & RADIOLOGICAL ANATOMY a2ND bCBSaDELHIc2009 a1-202 aHUMAN ANATOMY